| 000 | 00000nam##2200000za#4500 |
| 001 | 9.577898 |
| 003 | CaOODSP |
| 005 | 20210624185830 |
| 007 | cr ||||||||||| |
| 008 | 150406|1983||||xxc|||||o f|0| 0 eng|d |
| 022 | |a1488-5387 |
| 040 | |aCaOODSP|beng |
| 043 | |an-cn--- |
| 086 | 1 |aFs97-4/1706E-PDF |
| 110 | 1 |aCanada. |bDepartment of Fisheries and Oceans. |
| 245 | 10|aLimnological results from the 1982 British Columbia Lake Enrichment Program / |h[electronic resource]|cby A.C. Costella, B. Nidle, and K.S. Shortreed. |
| 260 | |aWest Vancouver - British Columbia : |bFisheries and Oceans Canada |cJune 1983. |
| 300 | |a239p.|bmaps, references, tables |
| 490 | 1 |aCanadian manuscript report of fisheries and aquatic sciences|x1488-5387|vNo. 1706 |
| 500 | |aThe catalogue number (Fs97-4/1706) and ISSN (0706-6473) for the print edition have been incorrectly copied in this electronic publication. |
| 546 | |a(Résumés en français) |
| 590 | |a13-27-Supp|b2013-11-15 |
| 690 | 07|aHydrology|2gcpds |
| 690 | 07|aFisheries management|2gcpds |
| 690 | 07|aLakes|2gcpds |
| 720 | 1 |aShortreed, K. S. |
| 720 | 1 |aCostella, A. C. |
| 720 | 1 |aNidle, B. |
| 830 | #0|aCanadian manuscript report of fisheries and aquatic sciences,|x1488-5387|vNo. 1706|w(CaOODSP)9.505211 |
| 856 | 40|ahttp://publications.gc.ca|qPDF|s3.92 MB|uhttps://publications.gc.ca/collections/collection_2013/mpo-dfo/Fs97-4-1706-eng.pdf|yNo. 1706 |